|
|
|
|
| LEADER |
00000cam a22000004a 4500 |
| 001 |
musev2_69882 |
| 003 |
MdBmJHUP |
| 005 |
20230905051219.0 |
| 006 |
m o d |
| 007 |
cr||||||||nn|n |
| 008 |
041107s2001 ncu o 00 0 eng d |
| 020 |
|
|
|a 9780822381051
|
| 020 |
|
|
|z 9780822325642
|
| 020 |
|
|
|z 9780822325321
|
| 035 |
|
|
|a (OCoLC)1145328845
|
| 040 |
|
|
|a MdBmJHUP
|c MdBmJHUP
|
| 245 |
0 |
0 |
|a Perilous Memories :
|b The Asia-Pacific War(s) /
|c edited by T. Fujitani, Geoffrey M. White, and Lisa Yoneyama.
|
| 264 |
|
1 |
|a Durham, N.C. :
|b Duke University Press,
|c 2001.
|
| 264 |
|
3 |
|a Baltimore, Md. :
|b Project MUSE,
|c 2020
|
| 264 |
|
4 |
|c ©2001.
|
| 300 |
|
|
|a 1 online resource (471 pages).
|
| 336 |
|
|
|a text
|b txt
|2 rdacontent
|
| 337 |
|
|
|a computer
|b c
|2 rdamedia
|
| 338 |
|
|
|a online resource
|b cr
|2 rdacarrier
|
| 505 |
0 |
|
|a Absent images of memory: remembering and reenacting the Japanese internment / Marita Sturken -- The malleable and the contested: the Nanjing Massacre in postwar China and Japan / Daqing Yang -- Memories of war and Okinawa / Ishihara Masaie -- Images of Islanders in Pacific War photographs / Lamont Lindstrom -- Imagery and war in Japan: 1995 / Morio Watanabe -- Deliberating "Liberation Day": identity, history, memory, and war in Guam / Vicente M. Diaz -- Imperial Army betrayed / Chen Yingzhen -- Korean "imperial soldiers": remembering colonialism and crimes against Allied POWs / Utsumi Aiko -- Memory suppression and memory production: the Japanese occupation of Singapore / Diana Wong -- Go for broke, the movie: Japanese American soldiers in U.S. national, military, and racial discourses / T. Fujitani -- Moving history: the Pearl Harbor film(s) / Geoffrey M. White -- "Trapped in history" on the way to utopia: East Asia's "Great War" fifty years later / Arif Dirlik -- For transformative knowledge and postnationalist public spheres: the Smithsonian Enola Gay controversy / Lisa Yoneyama -- "Frantic to join ... the Japanese army": Black soldiers and civilians confront the Asia Pacific War / George Lipsitz -- Colonialism and atom bombs: about survivors of Hiroshima living in Korea / Toyonaga Keisaburō -- The politics of war memories toward healing / Chungmoo Choi.
|
| 520 |
|
|
|a A rethinking of the differing national memories of the Second World War in the Pacific in light of recent theories of nationalism, imperialism, and colonialism.
|
| 546 |
|
|
|a English.
|
| 588 |
|
|
|a Description based on print version record.
|
| 650 |
|
7 |
|a World War, 1939-1945
|v Personal narratives.
|2 nli
|
| 650 |
|
7 |
|a World War, 1939-1945.
|2 nli
|
| 650 |
|
7 |
|a Sino-Japanese War, 1937-1945
|v Personal narratives.
|2 nli
|
| 650 |
|
7 |
|a Sino-Japanese War, 1937-1945.
|2 nli
|
| 650 |
1 |
7 |
|a Gewapende conflicten.
|2 gtt
|
| 650 |
1 |
7 |
|a Oorlogen.
|2 gtt
|
| 650 |
1 |
7 |
|a Herinnering.
|2 gtt
|
| 650 |
|
7 |
|a Erlebnisbericht
|2 gnd
|
| 650 |
|
7 |
|a Japanisch-Chinesischer Krieg
|g 1937-1945
|2 gnd
|
| 650 |
|
7 |
|a HISTORY
|x Military
|x World War II.
|2 bisacsh
|
| 650 |
|
7 |
|a 15.75 history of Asia.
|0 (NL-LeOCL)077599616
|2 bcl
|
| 650 |
|
6 |
|a Guerre mondiale, 1939-1945
|v Recits personnels.
|
| 650 |
|
6 |
|a Guerre mondiale, 1939-1945.
|
| 650 |
|
6 |
|a Guerre sino-japonaise, 1937-1945
|v Recits personnels.
|
| 650 |
|
6 |
|a Guerre sino-japonaise, 1937-1945.
|
| 650 |
|
0 |
|a World War, 1939-1945
|v Personal narratives.
|
| 650 |
|
0 |
|a World War, 1939-1945.
|
| 650 |
|
0 |
|a Sino-Japanese War, 1937-1945
|v Personal narratives.
|
| 650 |
|
0 |
|a Sino-Japanese War, 1937-1945.
|
| 655 |
|
7 |
|a Recits personnels.
|2 rvmgf
|
| 655 |
|
7 |
|a Personal narratives.
|2 lcgft
|
| 655 |
|
7 |
|a Personal narratives.
|2 fast
|0 (OCoLC)fst01423843
|
| 655 |
|
2 |
|a Personal Narrative
|
| 655 |
|
7 |
|a Electronic books.
|2 local
|
| 700 |
1 |
|
|a Yoneyama, Lisa,
|d 1959-
|
| 700 |
1 |
|
|a White, Geoffrey M.
|q (Geoffrey Miles),
|d 1949-
|
| 700 |
1 |
|
|a Fujitani, Takashi.
|
| 710 |
2 |
|
|a Project Muse.
|e distributor
|
| 830 |
|
0 |
|a Book collections on Project MUSE.
|
| 880 |
0 |
|
|6 505-00/(Q
|a Absent images of memory: remembering and reenacting the Japanese internment / Marita Sturken -- The malleable and the contested: the Nanjing Massacre in postwar China and Japan / Daqing Yang -- Memories of war and Okinawa / Ishihara Masaie -- Images of Islanders in Pacific War photographs / Lamont Lindstrom -- Imagery and war in Japan: 1995 / Morio Watanabe -- Deliberating "Liberation Day": identity, history, memory, and war in Guam / Vicente M. Diaz -- Imperial Army betrayed / Chen Yingzhen -- Korean "imperial soldiers": remembering colonialism and crimes against Allied POWs / Utsumi Aiko -- Memory suppression and memory production: the Japanese occupation of Singapore / Diana Wong -- Go for broke, the movie: Japanese American soldiers in U.S. national, military, and racial discourses / T. Fujitani -- Moving history: the Pearl Harbor film(s) / Geoffrey M. White -- "Trapped in history" on the way to utopia: East Asia's "Great War" fifty years later / Arif Dirlik -- For transformative knowledge and postnationalist public spheres: the Smithsonian Enola Gay controversy / Lisa Yoneyama -- "Frantic to join ... the Japanese army": Black soldiers and civilians confront the Asia Pacific War / George Lipsitz -- Colonialism and atom bombs: about survivors of Hiroshima living in Korea / Toyonaga Keisaburџ -- The politics of war memories toward healing / Chungmoo Choi.
|
| 856 |
4 |
0 |
|z Texto completo
|u https://projectmuse.uam.elogim.com/book/69882/
|
| 945 |
|
|
|a Project MUSE - Custom Collection
|